Industrial evolution in developing countries (Record no. 8825)
[ view plain ]
| 000 -LEADER | |
|---|---|
| fixed length control field | 00727nam a22002297a 4500 |
| 003 - CONTROL NUMBER IDENTIFIER | |
| control field | OSt |
| 005 - DATE AND TIME OF LATEST TRANSACTION | |
| control field | 20240625132403.0 |
| 008 - FIXED-LENGTH DATA ELEMENTS--GENERAL INFORMATION | |
| fixed length control field | 240625b |||||||| |||| 00| 0 eng d |
| 020 ## - INTERNATIONAL STANDARD BOOK NUMBER | |
| International Standard Book Number | 0195211103 |
| 040 ## - CATALOGING SOURCE | |
| Transcribing agency | MUST |
| 082 ## - DEWEY DECIMAL CLASSIFICATION NUMBER | |
| Classification number | 338 IND 1996 |
| 100 ## - MAIN ENTRY--PERSONAL NAME | |
| Relator code | edited by M.J. Roberts |
| 245 ## - TITLE STATEMENT | |
| Title | Industrial evolution in developing countries |
| 260 ## - PUBLICATION, DISTRIBUTION, ETC. (IMPRINT) | |
| Place of publication, distribution, etc. | Washington |
| Name of publisher, distributor, etc. | : Oxford university press |
| Date of publication, distribution, etc. | C 1996 |
| 300 ## - PHYSICAL DESCRIPTION | |
| Extent | xiii,345p |
| Other physical details | : ill |
| Dimensions | ; 24 cm |
| 504 ## - BIBLIOGRAPHY, ETC. NOTE | |
| Bibliography, etc | includes index |
| 650 ## - SUBJECT ADDED ENTRY--TOPICAL TERM | |
| Source of heading or term | Industrialisation- Developing countries |
| 650 ## - SUBJECT ADDED ENTRY--TOPICAL TERM | |
| Topical term or geographic name as entry element | Labor turnover- developing countries - case studies |
| 9 (RLIN) | 17831 |
| 650 ## - SUBJECT ADDED ENTRY--TOPICAL TERM | |
| Topical term or geographic name as entry element | Developing countries- Manufacturers- Casestudies |
| 9 (RLIN) | 17832 |
| 700 ## - ADDED ENTRY--PERSONAL NAME | |
| Relator code | James R. Tybout |
| 942 ## - ADDED ENTRY ELEMENTS (KOHA) | |
| Source of classification or shelving scheme | Dewey Decimal Classification |
| Koha item type | Open Shelf |
| Withdrawn status | Lost status | Source of classification or shelving scheme | Damaged status | Not for loan | Home library | Current library | Date acquired | Source of acquisition | Inventory number | Total Checkouts | Full call number | Barcode | Date last seen | Price effective from | Koha item type |
|---|---|---|---|---|---|---|---|---|---|---|---|---|---|---|---|
| Dewey Decimal Classification | MUST Main Library | MUST Main Library | 25/06/2024 | Donation | 2001/15387 | 338 IND 1996 | 2024-21291 | 25/06/2024 | 25/06/2024 | Open Shelf | |||||
| Dewey Decimal Classification | MUST Main Library | MUST Main Library | 26/06/2024 | Donation | 2001/15388 | 338 IND 1996 | 2024-21358 | 26/06/2024 | 26/06/2024 | Open Shelf | |||||
| Dewey Decimal Classification | MUST Main Library | MUST Main Library | 04/07/2024 | donation | 2001/14895 | 338 IND 1996 | 2024-21788 | 04/07/2024 | 04/07/2024 | Open Shelf |
